วิทยาลัยพยาบาลบรมราชชนนี ยะลา
ระบบห้องสมุดอัตโนมัติ ULIBM BCNYALA - V.6
เปลี่ยนเป็นภาษาไทย

Change to English
 แสดงรายละเอียดบรรณานุกรม
  กลับหน้าหลัก

Brief Record : Get Marc (ISO 2709) : E-mail record : QR code ปิดหน้าต่าง
Emergency and Trauma Care for Nurses and Paramedics Review โดย
ใช้งานได้ทุกระบบ
ห้องสมุดวพบ.ยะลา
ใช้งานได้ทุกระบบ เมื่อ25/มีนาคม/2569
Contents

Section One : Overview of Emergency Care
Section Two : Clinical Concepts and Systems
Section Three : Emergencies
Section Four : Major Trauma

E-books : เกี่ยวกับ Collections
LEADER 00000nam 2200000uu 4500
001    3826
003     ULIBM
008    260325s2024||||th 000 0 tha d
020    9780729544412
060 04 ^aWY154^bC979e
100 1  Curtis,Kate
245 00 ^aEmergency and Trauma Care for Nurses and Paramedics/^cKate Curtis,Margaret Fry,Bill Lord,Clair Ramsden,Ramon Z. Shaban
250    ^a4th ed.
260    ^aAustralia :^bElsevier,^c2024.
300    ^axviii,1416p. :^bill ;^c28cm.
650  7 ^aEmergency nursing^xPeriodicals.
650  7 ^a^aNursing assessment.
700 1  ^aFry,Margaret
700 1  ^aLord,Bill
700 1  ^aRamsden,Clair
999    ^aฮัซวานี
รายการนี้ยังไม่มีแท็ก
คุณยังไม่ได้ล็อกอิน คุณสามารถมีกิจกรรมร่วมกับเว็บไซต์ได้ แต่ต้องล็อกอินก่อน ::
  ล็อกอิน
ลำดับที่ ประเภท เลขเรียก สถานที่ สถานะ
1. หนังสือภาษาอังกฤษทางการพยาบาล
หนังสือภาษาอังกฤษทางการพยาบาล
WY154 C979e 2024 V.1 
  
ห้องสมุดวพบ.ยะลา
►หนังสือ ตำรา ทางการพยาบาล
On Shelf
  ขอยืม
   [แสดง 1/1 รายการ]

BibComment


ยังไม่เคยถูกคอมเมนท์

คอมเมนท์ทรัพยากรรายการนี้
  คอมเมนท์: Emergency and Tr..
Bib 3826

 
 
 

 Union Library Management : ULibM

ดูหนังออนไลน์

Copyright 2026. All Rights Reserved.